| 000 | 00745nam a2200205 i 4500 | ||
|---|---|---|---|
| 001 | 97897 | ||
| 003 | ES-MaACL | ||
| 005 | 20250823063054.0 | ||
| 007 | t| | ||
| 008 | 050719s1912 sp ||||1| spa d | ||
| 080 | _a342.827 | ||
| 100 | 1 |
_aEza, Luis Marichalar y Monreal, _cVizconde de, _d1873-1945 _976705 |
|
| 245 | 1 | 3 |
_aLa representación proporcional / _cpor el Vizconde de Eza. |
| 260 |
_aMadrid : _b[s.n.], _c1912 ( _fImpr. de Bernardo Rodríguez) |
||
| 300 |
_a83 p. ; _c23 cm. |
||
| 500 | _aEn port.: Notas ampliadas de la conferencia dada el día 22 de Enero de 1912 ante la Juventud Conservadora de Madrid. | ||
| 650 | 4 |
_aRepresentación proporcional. _9143222 |
|
| 852 |
_aES-MaACL _jT-1394-F-6 |
||
| 999 |
_c97897 _d97897 |
||